00434nam a2200145Ia 450000500170000000800410001708200220005810000150008024500810009526000700017630000120024665000100025865000100026865000100027820250325034818.0240331s9999 xx 000 0 und d a302.234bMOC2436 aMockyen, A 0aF.Y.I Your Message Through the Media:bA Guidebook for Using Print and Radio aKuala Lumpur,bAsian Institute for Broadcasting Developmentc1974 a120 p., aMedia aRadio aPrint